| 000 | 01019cam a22002531i 4500 | ||
|---|---|---|---|
| 003 | SA-RiAUC | ||
| 005 | 20260317121401.0 | ||
| 008 | 260117q19001999||| g 00000 ara c | ||
| 040 |
_aSA-JeALM _bara _cSA-RiAUC _erda |
||
| 082 | 0 | 4 |
_a252.2 _qSA-RiAUC |
| 090 |
_aم ن 252.2 _bا ب ن ر |
||
| 100 | 1 |
_aابن رجب، عبد الرحمن بن أحمد بن رجب، _d736-795 هجري _eمؤلف. |
|
| 245 | 1 | 2 |
_aالخشوع في الصلاة / _cأبو الفرج عبد الرحمن بن أحمد بن رجب الحنبلي. |
| 264 | 3 |
_aالقاهرة : _bمطبعة العباسية الحديثة _c[1919] |
|
| 300 |
_a68 صفحة ؛ _c29 سم |
||
| 336 |
_aنص _btxt _2rdacontent _3كتاب |
||
| 337 |
_aبدون وسيط _bn _2rdamedia |
||
| 338 |
_aمجلد _bnc _2rdacarrier |
||
| 650 | 7 |
_aالصلاة _xخشوع _2aucsh |
|
| 650 | 7 |
_aالصلاة _xآداب _2aucsh |
|
| 650 | 7 |
_aالعبادات (فقه إسلامي) _2aucsh |
|
| 942 |
_2ddc _cRBOOK COPY _n0 |
||
| 949 |
_aSA-JeALM _d260117 _umohamedma123 _n1 |
||
| 999 |
_c14659 _d14659 |
||